| 000 | 02006cam a2200517 a 4500 | ||
|---|---|---|---|
| 001 | 20660 | ||
| 003 | VRT | ||
| 005 | 20260128150034.0 | ||
| 008 | 251029s2016 vp g 000 p slo | ||
| 015 | _aSNBZSA2018/03 | ||
| 020 |
_a9788651703150 _q(brož.) |
||
| 035 | _aurn:nbn:sk:snk-am00d20f | ||
| 035 | _aurn:nbn:sk:snk-am3hizs | ||
| 035 | _a2B174D39-3EB0-447E-8CE1-20A8AA07CA2A | ||
| 039 | 9 |
_a202510291317 _bVLOAD _c202403182230 _dVLOAD _c202103161243 _dmsnk18 _c202103151757 _dmsnk18 |
|
| 040 |
_aSVKBB _bslo _cSVKBB _dSNK _eAACR2 |
||
| 041 | 0 | _aslo | |
| 044 |
_arb _cRS _axo _cSK |
||
| 072 | 7 |
_a821.162.4-1 _xSlovenská poézia _2konspekt |
|
| 080 |
_a821.162.4-1 _22011 |
||
| 080 |
_a(0:82-13) _22011 |
||
| 080 |
_a(082.21) _22011 |
||
| 100 | 1 |
_aHviezdoslav, Pavol Országh, _d1849-1921 _4aut |
|
| 245 | 1 | 0 |
_aHájnikova žena _nI. _cPavol Országh Hviezdoslav |
| 250 | _a1. vyd. | ||
| 260 |
_a[Beograd] _bLiber Novus _a[Bratislava] _bRingier Axel Springer Slovakia _c[2016] |
||
| 300 |
_a63 s. _c21 cm |
||
| 490 | 1 |
_aSlovenská klasika _v11 |
|
| 490 | 1 | _aNový čas Knižnica | |
| 500 | _aKniha je vyrobená exkluzívne pre denník Nový čas v rámci projektu Nový čas Knižnica | ||
| 655 | 7 |
_aslovenská poézia _2SNKPH |
|
| 655 | 7 |
_aSlovak poetry _2SNKPHeng |
|
| 655 | 7 |
_aepická poézia _2SNKPH |
|
| 655 | 7 |
_aEpic poetry _2SNKPHeng |
|
| 655 | 7 |
_avýbery _2SNKPH |
|
| 655 | 7 |
_aSelections _2SNKPHeng |
|
| 810 | 2 |
_aNový čas. _tKnižnica |
|
| 830 | 0 | _aSlovenská klasika | |
| 942 |
_2ddc _cKLDO _n0 |
||
| 949 |
_63830001116088 _akurukT18/HVIE1-43 _bkuruk2016/F7485 _oD2016/Ján Culka/3.1.2017dolný index 1 |
||
| 949 |
_63830001119452 _akurukT18/HVIE1-43 _bkuruk2017/F5983 _oD2017/SAV/4.10.2017/Venéniovádolný index 1 |
||
| 949 |
_6270001000531255 _asvkbbA 148076-1 _bsvkbbm 762190 |
||
| 949 |
_617A1125962 _asnkSC 177748/1 _bsnk2018/2037 _o26/18 _s6100:20180411 |
||
| 949 |
_617A1125963 _asnkSC 177748/1 D1 _bsnk2018/2039 _o26/18 |
||
| 999 |
_c20660 _d20660 |
||